Bewitching women, pious men : gender and body politics in Southeast Asia

Αποθηκεύτηκε σε:
Λεπτομέρειες βιβλιογραφικής εγγραφής
Άλλοι συγγραφείς: Ong, Aihwa (Επιμελητής έκδοσης), Peletz, Michael G. (Επιμελητής έκδοσης)
Μορφή: Βιβλίο
Γλώσσα:English
Δημοσίευση: Berkeley : University of California Press, 1995
Θέματα:
Ετικέτες: Προσθήκη ετικέτας
Δεν υπάρχουν, Καταχωρήστε ετικέτα πρώτοι!

MARC

LEADER 00000nam a2200000 i 4500
001 1/98064
008 081125s1995 eng d
020 |a 0-520-08861-1 
035 |l 10101952 
040 |a GR-MY-UA  |b gre  |e aacr 
041 0 |a eng 
082 0 |a 305.30959  |2 (22) 
245 1 0 |a Bewitching women, pious men :  |b gender and body politics in Southeast Asia /  |c edited by Aihwa Ong and Michael G. Peletz 
260 |a Berkeley :   |b University of California Press,   |c 1995 
300 |a x, 309 σ.;  |b 1 χάρτης;  |c 24 εκ. 
500 |a Βασισμένο στο συνέδριο που πραγματοποιήθηκε στο Πανεπιστήμιο της Καλιφόρνιας, Μπέρκλευ, χειμώνας του 1992 
504 |a Περιέχει βιβλιογραφικές παραπομπές και ευρετήριο 
650 0 0 |a Sex role  |z Southeast Asia. 
650 0 0 |a Power (Social sciences)  |z Southeast Asia. 
651 0 |a Southeast Asia  |x Social life and customs. 
700 1 |a Ong, Aihwa.  |4 edt 
700 1 |a Peletz, Michael G.  |4 edt 
852 |a INST  |b LESVOS  |e 20081125  |h 305.30959 BEW  |p 005100043549  |q 005100043549  |t BK  |y 0 
901 |a BIBL1-2008-3 
909 |a Λ  |b 157333 
920 |a ΕΠΕΑΕΚ ΠΜΣ ΓΥΝΑΙΚΕΣ ΚΑΙ ΦΥΛΑ  |y ΛΕΣΒΟΣ  |z 2008-09 
970 |a ΚΑΡΑ  |b ΓΙΑΣΕΜΗ  |z 2008/11/25